000 00724nam a22002057a 4500
005 20241122143708.0
010 _aENG-142446
020 _a9788119896240
_c499.00
035 _aEN-125978
037 _bDBAD
082 _21
_a659.11
100 _aS. Ramesh Kumar
_974044
245 _aAdvertising, Brands and Consumer Behaviour:
_bThe Indian Context/
_cBy S. Ramesh Kumar [and] Anup Krishnamurthy
250 _a1
260 _aNoida
_bPearson India Education
_c2024
270 _a15th floor, Tower- B, World Trade Tower, plot No.1, Block -C, Sector-16, Noida,
_bUttar Pradesh
_e201301
300 _a262p.
_c23cm(pb)
700 _aKrishnamurthy, Anup
_eAuthor
_973496
942 _2ddc
_cEN
_h659.11
_mSRA
_e1
999 _c206772
_d206772